| 000 | 00490nam a22001937a 4500 | ||
|---|---|---|---|
| 003 | CEME | ||
| 005 | 20210628210209.0 | ||
| 008 | 210215b xxu||||| |||| 00| 0 eng d | ||
| 020 | _a0-471-04741-4 | ||
| 040 | _c. | ||
| 082 | _a670 OST | ||
| 100 |
_aOstwald, Phillip.F Munoz, Jairo _974777 |
||
| 245 | _aManufacturing processes and systems | ||
| 250 | _a9TH | ||
| 260 |
_aNEW YORK _bJOHN WILEY _c1998 |
||
| 300 | _a783P | ||
| 650 |
_aMANUFACTURING PROCESSES _914649 |
||
| 942 |
_cBK _2ddc |
||
| 999 |
_c583585 _d583585 |
||